Quizzes
Events
Quiz Creation
Community
Videos
Private Events
Remove Ads
Sign In
Join for FREE
Feedback
Dark Mode
Quiz Categories
Sports
Geography
Music
Movies
Television
Just For Fun
Miscellaneous
History
Literature
Language
Science
Gaming
Entertainment
Religion
Holiday
For Kids
Quiz Lab
Recent
Popular Today
Quiz Kudos Today
Editor Picks
Curator Picks
Quizzes by...
Day
Popularity
Type
Ratings
Length
Year
Community
Subscriptions
Recent Discussions
Orange Saloon
Badges
Playlists
Quests
Create
Leaderboards
Showdown
Live 5
Trivia Bingo
Activity
Puzzle Library
Sporcle Events
Private Events
Virtual Trivia
Globe League
Become a Host
Pub Owners
SporcleCon
Opinionation
Our Games
Videos
Blog
Mobile Apps
Partnerships
Remove Ads and Go Orange
Feedback
History
US Presidents
World Leaders
Politics
Nation
Discovery
War
Decade
Year
Century
Biography
Art
History
US Presidents
World Leaders
Politics
Nation
Discovery
War
Decade
Year
Century
Biography
Art
Random Quiz
Search Sporcle
×
Quiz Lab
Quiz Lab
History
Currency
Type in answers that appear in a list
Type in answers that appear in a list
Classic
Best Score? Go Orange.
People on Philippine Currency Stats
Can you name the People on Philippine Currency?
By
compgeo
10m
13 Questions
438 Plays
438 Plays
438 Plays
Comments
Comments
Give Quiz Kudos
Give Quiz Kudos
-
- Ratings
hide this ad
Replay
Link that replays current quiz
Next Quiz
Link to next quiz in quiz playlist
You Got
0%
They Got
Avg Score
77%
Avg Friend Score
Upgrade to see
Score Distribution
Jump to the score distribution portion of the page
Score
0/13
Timer
10:00
0
Plays Today
PHP
Front
% Correct
1 (National Hero)
Jose Rizal
99.3%
5 (First President)
Emilio Aguinaldo
92%
10 (Leader of Katipunan)
Andres Bonifacio
89%
20 (Father of the National Language)
Manuel Quezon
87.9%
10 (Mind of the Revolution)
Apolinario Mabini
81.3%
100 (First President of the 3rd Republic)
Manuel Roxas
80.8%
500 (First President of the 5th Republic)
Corazon Aquino
79%
500 (Opposition leader)
Benigno Aquino
78.8%
200 (Fifth President of the 3rd Republic)
Diosdado Macapagal
75.6%
50 (Second Commonwealth President)
Sergio Osmena
74.4%
1000 (Girl Scouts of the Philippines)
Josefa Llanes Escoda
61.2%
1000 (Chief Justice during WWII)
Jose Abad Santos
54.8%
1000 (War Hero)
Vicente Lim
52.5%
Quiz Playlist
Details
Report
Send in Message
Add To Playlist
Classic:
Type in answers that appear in a list
Last Updated: May 23, 2017
Quiz Scoreboard
CHALLENGE
Sign Up to Join the Scoreboard
Show All
Scores
Hide
Comments
May contain spoilers
Recently Published
College Basketball Coaching Resumes
by pancakes188
Sports
9m
Billboard Blitz: Fleetwood Mac
by CooCooCachoo
Music
15s
Presidents Visiting Landmarks
by Hejman
History
7m
More to Explore
Quiz From the Vault
Featured Blog Post
Where Did the Easter Bunny Come From?
hide this ad
You Might Also Like...
Tags
Currency
front
Philippine
php
Today's Top Quizzes in History
Browse History
hide this ad
Today's Top Quizzes in Currency
Browse Currency
Top Contributed Quizzes in History
1
Popular People in 1991
2
Popular People in 1981
3
Popular People in 1951
4
Popular People in 1941
5
Popular People in 1986
6
Popular People in 1976
7
Popular People in 1921
8
5-to-1: 20th Century Images of War
9
I Am Born On March 28th
10
Popular People in 1946
Explore More
Trending Topics
Crossword
Harry Potter
Anime
Disney
Marvel
Kpop
NBA
Soccer
Song
Country
Pokémon
WWE
The Office
NFL
Puzzle
hide this ad
More By:
compgeo
Quiz
Plays
Rating
Category
Featured
Created
People on Philippine Currency
438
3.50
History
Apr 24, 2012
Names of the Philippine Presidents
422
1.75
History
Feb 23, 2012
Provinces of the Philippines without making a mistake
314
Geography
Apr 25, 2012
Districts of Manila
79
Geography
Apr 25, 2012
Go to Creator's Profile
Score Distribution
Quiz Creator Spotlight
compgeo
Follow
Send a Message
Quizzes Created
-
Created Quiz Play Count
-
More By This Creator
Popular Quizzes Today
1
Find the US States - No Outlines Minefield
2
Find the Countries of Europe - No Outlines Minefield
3
The Countries of the World
4
Find the US States
5
Risky Map Clicking: Biggest States A-Z
6
US States
7
Popular People in 1961
8
Movies - When Are They Set?
More History Quizzes
US History Image Timeline
Published
Trending Quizzes
Risky Map Clicking: Least Populous States A-Z
1-10 Letter G Words
1-10 Letter F Words
Risky Map Clicking: Next State Alphabetically
Risky Map Clicking: Biggest States A-Z
Recently Updated
Leaping Animals
pecheneg
Reality TV Shows (A-Z)
bhenderson79
Rickey Henderson's Hall of Fame Teammates
pecheneg
Champions League XIs: Arsenal
pecheneg
Quick Pick: Celebrities in WWE's Hall of Fame
aduchscher
A-Z Keypad Blitz II
pecheneg
Multiple Oscar Actors
pecheneg
Mystery Phrase Blitz: Oscar 'Best Actors'
pecheneg
F. Scott Fitzgerald Novels
LTH
Pick 3 Villains
ddd62291
Trending Topics
Marvel
Kpop
Crossword
NBA
Harry Potter
Disney
Anime
Country
WWE
Song
Puzzle
Soccer
Pokémon
The Office
NFL
Your Account Isn't Verified!
In order to create a playlist on Sporcle, you need to verify the email address you used during registration. Go to your
Sporcle Settings
to finish the process.
Report this User
Report this user for behavior that violates our
Community Guidelines
.
Details:
Send Report
Go to the Sporcle.com Mobile Site →
Comments